000 00630nam a2200241Ia 4500
003 OSt
005 20220924151029.0
006 a|||||r|||| 00| 0
007 ta
008 220923b |||||||| |||| 00| 0 ara d
024 _a335655
037 _cTextual
040 _aARTS
_cARTS
_bara
041 _2ara
_aara
082 _aO28:gN7, M1
100 _aHofi Ahmad Mohammad Au.
_9223400
245 0 _aAizwai-e-alial adabul hadees
260 _c1981
650 _a CRITICISM
_931425
650 _aARABIC LITERATURE
942 _hO28:gN7, M1
_cTEXL
_2CC
999 _c465283
_d465283